Normal view MARC view
  • Sami, Sedat

Entry Personal Name

Number of records used in: 1

001 - CONTROL NUMBER

  • control field: 82868

003 - CONTROL NUMBER IDENTIFIER

  • control field: NUST

005 - DATE AND TIME OF LATEST TRANSACTION

  • control field: 20210929160416.0

008 - FIXED-LENGTH DATA ELEMENTS

  • fixed length control field: 210929|| aca||aabn | a|a d

040 ## - CATALOGING SOURCE

  • Original cataloging agency: NUST
  • Transcribing agency: NUST

100 ## - HEADING--PERSONAL NAME

  • Personal name: Sami, Sedat

670 ## - SOURCE DATA FOUND

  • Source citation: Work cat.: (NUST)32678: Das, Braja M., 1941- 891, Engineering mechanics. Dynamics /, c1994.
© 2023 Central Library, National University of Sciences and Technology. All Rights Reserved.